banner koha

Desempenhos produtivo e reprodutivo de um rebanho F1 Holandês x Gir em Minas Gerais (Registro n. 300849)

MARC details
000 -LÍDER
fixed length control field 03963nab a2200361 i 4500
003 - CÓDIGO MARC DA AGÊNCIA CATALOGADORA
Campo de controle BR-BrBNA
005 - DATA E HORA DA ÚLTIMA ATUALIZAÇÃO
Campo de controle 20240812135420.0
008 - CAMPO DE TAMANHO FIXO
fixed length control field 240812b2017 bl.|r|pooa||| 00| 0 por |
040 ## - FONTE DA CATALOGAÇÃO
Agência catalogadora BR-BrBNA
Idioma da catalogação por
072 ## - CATEGORIA AGRIS
Código AGRIS L01
Código do objeto 5214
072 ## - CATEGORIA AGRIS
Código AGRIS L53
100 ## - ENTRADA PRINCIPAL - NOME PESSOAL
Nome pessoal Ribeiro, L.S.
100 ## - ENTRADA PRINCIPAL - NOME PESSOAL
Nome pessoal Goes, T.J.F.
100 ## - ENTRADA PRINCIPAL - NOME PESSOAL
Nome pessoal Torres Filho, R.A.
100 ## - ENTRADA PRINCIPAL - NOME PESSOAL
Nome pessoal Araújo, C.V.
100 ## - ENTRADA PRINCIPAL - NOME PESSOAL
Nome pessoal Reis, R.B.
100 ## - ENTRADA PRINCIPAL - NOME PESSOAL
Nome pessoal Saturnino, H.M.
245 ## - TÍTULO PRINCIPAL
Título principal Desempenhos produtivo e reprodutivo de um rebanho F1 Holandês x Gir em Minas Gerais
500 ## - NOTA GERAL
Nota geral <br/>Publicação online; 25 ref.; 6 tables; 5 illus.; Summaries (En, Pt)
942 ## - ADDED ENTRY ELEMENTS (KOHA)
Koha item type
520 ## - NOTA DE RESUMO
Nota de conteúdo <br/><br/>RESUMO - Objetivou-se avaliar os desempenhos produtivo e reprodutivo de vacas F1 Holandês x Gir Minas Gerais, as quais foram mantidas em sistema de produção a pasto no verão, com suplementação de concentrado, e, no inverno, alimentadas com cana-de-açúcar, polpa de citros e concentrado. As características avaliadas foram: idade ao primeiro parto, intervalo parto-primeiro serviço, período de serviço, intervalo de partos, permanência da matriz no rebanho, produção de leite total por lactação, duração da lactação, produção média diária, produções ajustadas a 280 dias e a 305 dias de lactação, produção de leite por intervalo de partos e curvas de lactação conforme ordem de partos, época de partos e período de serviço. A função gama incompleta foi utilizada para estimação dos parâmetros das curvas de lactação. As demais características foram analisadas utilizando-se modelos lineares mistos. O rebanho apresentou ótimo desempenho (6271,56kg de leite por lactação). As fêmeas F1 Holandês x Gir são boa alternativa para a produção de leite, desde que garantidas boas condições de manejo, alimentação do rebanho e utilização de matrizes oriundas de programas de cruzamento direcionados empregando-se critérios de melhoramento genético.<br/><br/><br/>Palavras-chave: bovinos de leite, curva de lactação, rebanho mestiço, produção de leite
520 ## - NOTA DE RESUMO
Nota de conteúdo <br/><br/>ABSTRACT - The objective was to evaluate the productive and reproductive performances of F1 Holstein x Gir cows in the state of Minas Gerais. The herd during the summer was managed in a pasture based production system with supplementation of concentrate according to milk production and in the winter it was fed with sugar cane, citrus pulp and concentrate. The characteristics evaluated were: age at first calving, calving to first service interval, service period, calving interval, permanence the cows in the herd, total milk production per lactation, lactation length, average milk daily, productions adjusted to 280 and to 305 days of lactation, milk production per calving interval, and lactation curves. The Incomplete Gamma function was used to estimate the parameters of lactation curves at parturition order, parturition epoch and service period. The other characteristics were analyzed using linear mixed models. The herd showed great performance (6271,56 kg of milk per lactation). F1 Holstein x Gir cows are a good alternative to milk production, as long as good conditions of handling and feeding are guaranteed, and the use of cows derived from breeding programs targeted using genetic improvement criteria.<br/><br/><br/>Keywords: dairy cattle, lactation curve, herd crossbred, milk production
650 ## - ASSUNTO - THESAGRO
Cabeçalho tópico ou nome geográfico GADO LEITEIRO
650 ## - ASSUNTO - THESAGRO
Cabeçalho tópico ou nome geográfico GADO MESTIÇO
650 ## - ASSUNTO - THESAGRO
Cabeçalho tópico ou nome geográfico MANEJO
650 ## - ASSUNTO - THESAGRO
Cabeçalho tópico ou nome geográfico DIETA
650 ## - ASSUNTO - THESAGRO
Cabeçalho tópico ou nome geográfico REPRODUÇÃO ANIMAL
650 ## - ASSUNTO - THESAGRO
Cabeçalho tópico ou nome geográfico CRUZAMENTO
650 ## - ASSUNTO - THESAGRO
Cabeçalho tópico ou nome geográfico PRODUTIVIDADE
773 0# - ENTRADA ANALÍTICA
Host Biblionumber 1643
Registro do item 316504
Imprenta Belo Horizonte-MG Universidade Federal de Minas Gerais - Escola de Veterinaria 1983
Outro identificador 2024-2999
Título Arquivo Brasileiro de Medicina Veterinária e Zootecnia (Brazil)
ISSN 0102-0935
Colação v. 69(6) p. 1624-1634; (2017)
Número de controle de registro BR2024002256
856 ## - ACESSO E ENDEREÇO ELETRÔNICO
Identificador uniforme de recurso - URI https://www.scielo.br/j/abmvz/a/KnpLfKryBBSxxHKfRz667Px/?format=pdf&lang=pt

Nenhum exemplar disponível.

BINAGRI

Telefone: (61)3218-2567/2388/3357/2097 - binagri@agro.gov.br

Ministério da Agricultura e Pecuária , Esplanada dos Ministérios, Bloco D, Anexo B, Brasília/DF, CEP: 70.043-900